Leksykon militariów Powstania Warszawskiego, red. M. Komuda
| Titel: | Leksykon militariów Powstania Warszawskiego, red. M. Komuda / Jerzy Kochanowski |
|---|---|
| Verfasser: | |
| In: |
Przegla̜d historyczny, Heft 4 (2013), Seite 882 alle Artikel anzeigen |
| Veröffentlicht: | 2013 |
| Format: | Aufsatz |
| Sprache: | Polnisch |
X
alg: 43672548 001A $06052:19-09-18 001B $06052:19-09-18 $t22:49:07.000 001C $03025:19-09-18 $t13:08:57.000 001D $06052:19-09-18 001U $0utf8 001X $00 002@ $0Aox 003@ $0436725487 006N $000167682 007A $0436725487 $aHEB 007D $asw140710 007I $0swets177419445 010@ $apol 011@ $a2013 021A $aLeksykon militariów Powstania Warszawskiego, red. M. Komuda $hJerzy Kochanowski 028A $BVerfasser $#Kochanowski, Jerzy Piotr $4aut $7122664469 $8Kochanowski, Jerzy$Z1960- [Tp1] $9153779578 031A $e4 $h882 $j2013 039B $aEnthalten in $8--Abvc--. Przegla̜d historyczny. - Warszawa : Wydawnictwo DiG, 1905-. - ISSN 0033-2186 $x201300000000004118 $9047456078 039T $8--Aau--. Leksykon militariów Powstania Warszawskiego. - Warszawa : Muzeum Powstania Warszawskiego, 2012. - 388 S.. - zahlr. Ill.. - ISBN 83-60142-51-3 $9318866676 045T $a7,41 lok: 43672548 78 exp: 43672548 78 1 #EPN 201B/01 $019-09-18 $t22:49:07.000 201C/01 $019-09-18 201U/01 $0utf8 203@/01 $0102996646X 208@/01 $a19-09-18 $be 209A/01 $a/ $f000 $x00 209A/01 $ab*p $x01 220C/01 $apgar 244Z/01 $#Generalgouvernement Polen $#Polska $#Rzeczpospolita Polska $#Polska Rzeczpospolita Ludowa $#Poland $#Pologne $#République Polonaise $#Generalne Gubernatorstwo w Polsce $#Polish People's Republic $#Polska Rzeczpospolita Polen $#PRL $#RP $#Polen Generalgouvernement $#Polska Generalgouvernement $#Besetzte Polnische Gebiete $#Besetztes Gebiet in Polen $#Okupowane Polskie Obszary $#Obszary Okupowane w Polsce $#Volksrepublik Polen $#Polska Rosyjska $#Republic Polen $#Respublika Pol'ša $#Pol'skaja Narodnaja Respublika $#République de Pologne $#Polen Links der Weichsel $#Polska po Lewej Stronie Wisły $#Lenkija $#Polija $#Gubernija Carstva Pol'skago $#Republik Polen $74046496-9 $8--Tg1--Polen $x01 $9085129801 247C/01 $82080>Marburg/Lahn, Herder-Institut, Forschungsbibliothek, Bibliographieportal $9336309341
| LEADER | 00000naa a22000002c 4500 | ||
|---|---|---|---|
| 001 | 436725487 | ||
| 003 | DE-603 | ||
| 005 | 20180919224907.0 | ||
| 007 | tu | ||
| 008 | 180919s2013 xx |||| | u00||u|pol c | ||
| 035 | |a (DE-599)HEB436725487 | ||
| 035 | |a (NL-LiSWE)00167682 | ||
| 040 | |a DE-603 |b ger |c DE-603 |d DE-603 | ||
| 041 | |a pol | ||
| 084 | |a 7,41 |2 ssgn | ||
| 100 | 1 | |a Kochanowski, Jerzy |d 1960- |e Verfasser |4 aut |0 (DE-603)153779578 |0 (DE-588)122664469 |2 gnd | |
| 245 | 0 | 0 | |a Leksykon militariów Powstania Warszawskiego, red. M. Komuda |c Jerzy Kochanowski |
| 264 | 0 | |c 2013 | |
| 773 | 0 | 8 | |i Enthalten in |t Przegla̜d historyczny |d Warszawa : Wydawnictwo DiG, 1905- |x 0033-2186 |g Heft 4 (2013), Seite 882 |w (DE-603)047456078 |w (DE-600)281539-4 |
| 787 | 0 | 8 | |i Rezension von |t Leksykon militariów Powstania Warszawskiego |d Warszawa : Muzeum Powstania Warszawskiego, 2012 |h 388 S., zahlr. Ill. |z 8360142513 |z 9788360142516 |w (DE-603)318866676 |
| 924 | 0 | |9 2080 |a (DE-603)102996646X |b DE-2080 |c HES |d d |g / | |


